| 000 -LEADER |
| fixed length control field |
00328nam a2200121 4500 |
| 003 - CONTROL NUMBER IDENTIFIER |
| control field |
OSt |
| 005 - DATE AND TIME OF LATEST TRANSACTION |
| control field |
20230728173156.0 |
| 008 - FIXED-LENGTH DATA ELEMENTS--GENERAL INFORMATION |
| fixed length control field |
230728b ||||| |||| 00| 0 eng d |
| 245 ## - TITLE STATEMENT |
| Title |
A text book on elements of civil engineering mechanics |
| 260 ## - PUBLICATION, DISTRIBUTION, ETC. (IMPRINT) |
| Place of publication, distribution, etc |
New Delhi |
| Name of publisher, distributor, etc |
New age international publishers |
| 300 ## - PHYSICAL DESCRIPTION |
| Extent |
253p; |
| 942 ## - ADDED ENTRY ELEMENTS (KOHA) |
| Source of classification or shelving scheme |
|